| 000 | 01048nam a2200277 i 4500 | ||
|---|---|---|---|
| 001 | 197104 | ||
| 003 | ES-MaACL | ||
| 005 | 20250821063122.0 | ||
| 008 | 250409b2025 sp ||||| |||| 00| 0 spa d | ||
| 020 | _a9798309681419 | ||
| 040 |
_bspa _cES-MaACL |
||
| 100 | 1 |
_aArias, Sixto _9240010 _eaut |
|
| 245 |
_aIncontratables : _btodo empieza a los 50 / _cSixto Arias. |
||
| 260 |
_a[s. l.] : _bSixto Arias, _c2025. _fAmazon. |
||
| 300 |
_a192 páginas ; _c23 cm. |
||
| 336 |
_2rdacontent _atexto |
||
| 337 |
_2rdamedia _asin mediación |
||
| 338 |
_2rdacarrier _avolumen |
||
| 650 | 7 |
_9153941 _aRelaciones laborales |
|
| 852 |
_aES-MaACL _cDEPOJ _jN-10492 _gDedicatoria autógrafa del autor _hDonación: Sixto Arias _xEncuadernación rústica _9206615 |
||
| 903 |
_9240010 _aArias, Sixto _ednr |
||
| 942 |
_cMONOGRAFIA _n0 |
||
| 999 |
_c197104 _d197104 |
||